ბათუმის შოთა რუსთაველის სახელმწიფო უნივერსიტეტის ბიბლიოთეკა

ბოსტნეული მცენარეების სელექცია და მეთესლეობა. (ბიბ.ჩანაწერი № 44710)

000 -LEADER
fixed length control field 00798nam a2200217Ia 4500
001 - CONTROL NUMBER
control field 11515
003 - CONTROL NUMBER IDENTIFIER
control field GE_BSU
008 - FIXED-LENGTH DATA ELEMENTS--GENERAL INFORMATION
fixed length control field 181216s||||||||xx |||||||||||||| ||und||
040 ## - CATALOGING SOURCE
Transcribing agency GE_BSU
080 ## - UNIVERSAL DECIMAL CLASSIFICATION NUMBER
Universal Decimal Classification number 635:631.527+635:631.53.02
100 ## - MAIN ENTRY--PERSONAL NAME
Personal name თოფურიძე,ე.მ.
245 ## - TITLE STATEMENT
Title ბოსტნეული მცენარეების სელექცია და მეთესლეობა.
245 ## - TITLE STATEMENT
Statement of responsibility, etc. პ/მგ. რედ: გ.ჯაფარიძე.
260 ## - PUBLICATION, DISTRIBUTION, ETC.
Place of publication, distribution, etc. თბილისი.
260 ## - PUBLICATION, DISTRIBUTION, ETC.
Name of publisher, distributor, etc. სახელგამი.
260 ## - PUBLICATION, DISTRIBUTION, ETC.
Date of publication, distribution, etc. 1950.
300 ## - PHYSICAL DESCRIPTION
Extent 426გვ;20სმ.
300 ## - PHYSICAL DESCRIPTION
Accompanying material ილ.
653 ## - INDEX TERM--UNCONTROLLED
Uncontrolled term ბოსტნეული მცენარეების სელექცია და მეთესლეობა.
942 ## - ADDED ENTRY ELEMENTS (KOHA)
Koha item type წიგნი
ეგზემპლარები
Withdrawn status Lost status Damaged status Not for loan Date acquired Barcode Date last seen Price effective from Koha item type
        2018-12-17 20168 2018-12-17 2018-12-17 წიგნი
        2018-12-17 20169 2018-12-17 2018-12-17 წიგნი